Návrh systému opatrení na zefektívnenie riadenia toku tovaru v logistickom podniku
Na minha lista:
| Autor principal: | |
|---|---|
| Outros Autores: | |
| Formato: | Manuscrito Livro |
| Idioma: | eslovaco |
| Publicado em: |
2020
|
| Assuntos: | |
| Acesso em linha: | http://is.stuba.sk/zp/portal_zp.pl?podrobnosti=151275 |
| Tags: |
Sem tags, seja o primeiro a adicionar uma tag!
|
MARC
| LEADER | 00000ntm a22000003a 4500 | ||
|---|---|---|---|
| 001 | stuzp78373 | ||
| 003 | SK-STU | ||
| 005 | 20200704212027.2 | ||
| 007 | ta | ||
| 008 | 150427s2015----xo-----f-mn---000-0-slo-d | ||
| 040 | |a STU |b slo | ||
| 041 | 0 | |a slo | |
| 100 | 1 | |a Bohunická, Silvia |u 064000 |k Z4 |4 aut |U MTF Materiálovotechnologická fakulta |T MTF Ústav priemyselného inžinierstva a manažmentu |X 82544 |U M4000 |Y 84 |7 82544 | |
| 242 | 0 | 1 | |a Proposal of measures for material flow management in logistic enterprise |y eng |
| 245 | 1 | 0 | |a Návrh systému opatrení na zefektívnenie riadenia toku tovaru v logistickom podniku |
| 260 | |c 2020 | ||
| 650 | 4 | |a logistika |2 slo | |
| 650 | 4 | |a skladová logistika |2 slo | |
| 650 | 4 | |a skladový manažment |2 slo | |
| 650 | 4 | |a logistický podnik |2 slo | |
| 650 | 4 | |a logistics |2 eng | |
| 650 | 4 | |a warehouse logistics |2 eng | |
| 650 | 4 | |a warehouse management |2 eng | |
| 650 | 4 | |a logistics company |2 eng | |
| 700 | 1 | |a Fidlerová, Helena |u 064000 |k Z2 |4 ths |U MTF Materiálovotechnologická fakulta |T MTF Ústav priemyselného inžinierstva a manažmentu |X 3662 |U M4000 |Y 84 |7 A000003662 | |
| 856 | 4 | |u http://is.stuba.sk/zp/portal_zp.pl?podrobnosti=151275 | |
| 996 | |c M* DP-14163 |l MMSKP |s P |a 0 |w stuzp78373_0001 | ||